Famous Writers - Statistics

General Stats
  • This quiz has been taken 292 times
  • The average score is 7 of 18
Answer Stats
Picture Answer % Correct
William Shakespeare
98%
Joanne Rowling
83%
Edgar Allan Poe
72%
Franz Kafka
65%
Jane Austen
65%
Agatha Christie
57%
Fyodor Mikhailovich Dostoevsky
50%
Ernest Hemingway
48%
Albert Camus
45%
Johann Wolfgang von Goethe
28%
David Jerome Salinger
25%
Walt Whitman
24%
Alexander Sergeyevich Pushkin
21%
John Ronald Reuel Tolkien
19%
Federico García Lorca
9%
Friedrich Schiller
5%
Eugene Ionesco
4%
Ephraim Kishon
3%
No matching quizzes found
Score Distribution
Percent of People with Each Score
Percentile by Number Answered
Your Score History
You have not taken this quiz